Eastern Utah Libraries Catalog: Duchesne, Heber, Roosevelt, & Vernal

Wanda's first day / (Record no. 362325)

MARC details
000 -LEADER
fixed length control field 01293cam a2200409 a 4500
001 - CONTROL NUMBER
control field 852782
003 - CONTROL NUMBER IDENTIFIER
control field OCoLC
005 - DATE AND TIME OF LATEST TRANSACTION
control field 20210609113635.0
008 - FIXED-LENGTH DATA ELEMENTS--GENERAL INFORMATION
fixed length control field 040616s2004 enka j 000 1 eng d
010 ## - LIBRARY OF CONGRESS CONTROL NUMBER
Canceled/invalid LC control number 55661030
020 ## - INTERNATIONAL STANDARD BOOK NUMBER
International Standard Book Number 0439627737 (lib. bdg.) :
Terms of availability $15.95
035 ## - SYSTEM CONTROL NUMBER
System control number AGP-1408
040 ## - CATALOGING SOURCE
Original cataloging agency OCO
Transcribing agency OCO
Modifying agency TnLvILS
Description conventions rda
049 ## - LOCAL HOLDINGS (OCLC)
Holding library IG#A
050 #4 - LIBRARY OF CONGRESS CALL NUMBER
Classification number PZ7.S748985
082 04 - DEWEY DECIMAL CLASSIFICATION NUMBER
Classification number [E]
Edition number 22
092 ## - LOCALLY ASSIGNED DEWEY CALL NUMBER (OCLC)
Classification number E Sperring
999 ## - SYSTEM CONTROL NUMBERS (KOHA)
Koha Dewey Subclass [OBSOLETE] E
100 1# - MAIN ENTRY--PERSONAL NAME
Personal name Sperring, Mark.
9 (RLIN) 5874854
245 10 - TITLE STATEMENT
Title Wanda's first day /
Statement of responsibility, etc by Mark Sperring ; illustrated by Kate & Liz Pope.
260 ## - PUBLICATION, DISTRIBUTION, ETC. (IMPRINT)
Place of publication, distribution, etc Frome, Somerset, U.K. :
Name of publisher, distributor, etc Chicken House ;
Place of publication, distribution, etc New York :
Name of publisher, distributor, etc Scholastic Inc.,
Date of publication, distribution, etc 2004.
264 ## - Production, Publication, Distribution, Manufacture, and Copyright Notice.
Place of production, publication, distribution, manufacture Chicken House; New York :
Name of producer, publisher, distributor, manufacturer Scholastic Inc.,
Date of production, publication, distribution, manufacture, or copyr 2004.
300 ## - PHYSICAL DESCRIPTION
Extent 1 v. (unpaged) :
Other physical details col. ill. ;
Dimensions 26 cm.
650 #1 - SUBJECT ADDED ENTRY--TOPICAL TERM
Topical term or geographic name as entry element Witches
Form subdivision Fiction.
9 (RLIN) 5673734
650 #1 - SUBJECT ADDED ENTRY--TOPICAL TERM
Topical term or geographic name as entry element Fairies
Form subdivision Fiction.
9 (RLIN) 5673692
650 #1 - SUBJECT ADDED ENTRY--TOPICAL TERM
Topical term or geographic name as entry element First day of school
Form subdivision Fiction.
9 (RLIN) 5677062
700 1# - ADDED ENTRY--PERSONAL NAME
Personal name Pope, Kate.
9 (RLIN) 6420297
700 1# - ADDED ENTRY--PERSONAL NAME
Personal name Pope, Liz.
9 (RLIN) 6420298
942 ## - ADDED ENTRY ELEMENTS (KOHA)
Source of classification or shelving scheme Dewey Decimal Classification
Koha item type BOOK
946 ## - LOCAL PROCESSING INFORMATION (OCLC)
a tapeloading
949 ## - LOCAL PROCESSING INFORMATION (OCLC)
x Ingram
Holdings
Withdrawn status Lost status Source of classification or shelving scheme Damaged status Not for loan Collection code Home library Current library Shelving location Date acquired Source of acquisition Total Checkouts Total Renewals Full call number Barcode Date last seen Date checked out Cost, replacement price Price effective from Koha item type
    Dewey Decimal Classification     Children Picture Books Wasatch County Library Wasatch County Library Main Floor Childrens Area 06/09/2021 Donation 9 7 E Sperring 34301001816299 03/13/2025 02/25/2025 15.95 06/09/2021 BOOK
This project was made possible through a grant from the Institute of Museum and Library Service administered by the Utah State Library Division.

Wasatch County Library

  • 465 East 1200 South, Heber City, Utah 84032
  • Phone 435-654-1511 | Fax 435-654-6456

Hours

  • Monday - Friday 9:30 AM - 8:00 PM
  • Saturday 9:30 AM - 1:30 PM
  • Closed Sundays and Holidays